LEADER 01166nam0-2200349---450- 001 990001128100203316 005 20050309092207.0 035 $a000112810 035 $aUSA01000112810 035 $a(ALEPH)000112810USA01 035 $a000112810 100 $a20030123d2001----||ita|01 ba 101 $aita 102 $aIT 105 $aa|||||||001yy 200 1 $a<> Sicilia di Tiburzio Spannocchi$euna cartografia per la conoscenza e il dominio del territorio nel secolo 16.$fCorradina Polto 210 $aFirenze$cIstituto geografico militare$d2001 215 $aLX, 164 p.$cill.$d25 cm 300 $aSuppl. al. num. 6/2001 della rivista L'Universo 607 $aSicilia$xCarte geografiche$zSec. 16. 676 $a912.458 700 1$aPOLTO,$bCorradina$0530924 912 $a990001128100203316 951 $aIII.1. 1992(I L 261)$b159208 L.M.$cI L$d00082712 959 $aBK 969 $aUMA 979 $aPAOLA$b90$c20030123$lUSA01$h1156 979 $aPAOLA$b90$c20030123$lUSA01$h1157 979 $aPATRY$b90$c20040406$lUSA01$h1718 979 $aCOPAT3$b90$c20050309$lUSA01$h0922 996 $aSicilia di Tiburzio Spannocchi$9907999 997 $aUNISA LEADER 00720nam0 2200265 450 001 9911017480103321 005 20250807120907.0 100 $a20250807d2023----km y0itay50 ba 101 0 $aita 102 $aIT 105 $aa a 001yy 200 1 $aEsercizi di meccanica e analisi degli errori$fErnesto Placidi 210 $aNapoli$cEdiSES$d2023 215 $a168 p.$cill.$d24 cm 610 0 $aP.S.S.C. 610 0 $aEsercizi di fisica 676 $v22 700 1$aPlacidi,$bErnesto$01835530 801 0$aIT$bUNINA$gRICA$2UNIMARC 901 $aBK 912 $a9911017480103321 952 $a20D-164$b25614$fFI1 959 $aFI1 996 $aEsercizi di meccanica e analisi degli errori$94412215 997 $aUNINA